<?xml version="1.0" encoding="UTF-8"?>
<marc:record xmlns:marc="http://www.loc.gov/MARC21/slim">
   <marc:leader>00000nam a2200000 a 4500</marc:leader>
   <marc:datafield ind1="1" ind2=" " tag="100">
      <marc:subfield code="a">Westphal, Wolfgang</marc:subfield>
      <marc:subfield code="4">aut</marc:subfield>
      <marc:subfield code="e">Verfasser/-in</marc:subfield>
   </marc:datafield>
   <marc:datafield ind1=" " ind2=" " tag="653">
      <marc:subfield code="a">Kriminalroman</marc:subfield>
   </marc:datafield>
   <marc:datafield ind1="0" ind2="0" tag="245">
      <marc:subfield code="a">Spätes Gewissen</marc:subfield>
   </marc:datafield>
   <marc:datafield ind1="0" ind2="0" tag="245">
      <marc:subfield code="b">Kriminalroman</marc:subfield>
   </marc:datafield>
   <marc:datafield ind1=" " ind2="1" tag="264">
      <marc:subfield code="b">Gmeiner-Verlag GmbH</marc:subfield>
      <marc:subfield code="c">2017</marc:subfield>
   </marc:datafield>
   <marc:datafield ind1="1" ind2=" " tag="520">
      <marc:subfield code="a">1960 flüchtete der damals 15-jährige Paul aus der DDR. Nach dem Mauerfall kehrt er nach Kröpelin in Mecklenburg zurück und hofft, dort seinen Jugendfreund Karl wiederzutreffen. Doch Karl ist tot. In ihrem früheren Geheimversteck findet Paul einen Brief, aus dem hervorgeht, dass sein Freund Zeuge eines Mordes wurde. Wurde auch Karl ermordet? Paul setzt alles daran, die Wahrheit ans Licht zu bringen. Damit bringt er sich selbst in Lebensgefahr, denn der Täter ist ihm immer einen Schritt voraus und tötet alle, die ihm gefährlich werden könnten.</marc:subfield>
   </marc:datafield>
   <marc:datafield ind1=" " ind2=" " tag="020">
      <marc:subfield code="a">9783839220771</marc:subfield>
      <marc:subfield code="9">9783839220771</marc:subfield>
   </marc:datafield>
</marc:record>
